Baile de el güegüence : (Record no. 75495)

MARC details
000 -LEADER
campo de control de longitud fija 01033aam a2200349 a 4500
001 - NÚMERO DE CONTROL
campo de control 73772
005 - FECHA Y HORA DE LA ÚLTIMA TRANSACCIÓN
campo de control 20230410130523.0
008 - DATOS DE LONGITUD FIJA--INFORMACIÓN GENERAL
campo de control de longitud fija 990127s1998 nq 000 0 spa
010 ## - NÚMERO DE CONTROL DE LA BIBLIOTECA DEL CONGRESO
Número de control de LC 99165998
035 ## - NÚMERO DE CONTROL DEL SISTEMA
Número de control de sistema (OCoLC)ocm42866261
040 ## - FUENTE DE CATALOGACIÓN
Centro catalogador/agencia de origen DLC
Centro/agencia transcriptor DLC
Centro/agencia modificador NDD
019 ## -
-- 41254045
035 ## - NÚMERO DE CONTROL DEL SISTEMA
Número de control de sistema (OCoLC)42866261
Número de control cancelado/no válido (OCoLC)41254045
041 0# - CÓDIGO DE IDIOMA
Código de lengua del texto/banda sonora o título independiente spanah
050 14 - SIGNATURA TOPOGRÁFICA DE LA BIBLIOTECA DEL CONGRESO
Número de clasificación PM 4070
Número de ítem B154 1998
082 00 - NÚMERO DE LA CLASIFICACIÓN DECIMAL DEWEY
Número de clasificación 897.42
049 ## - FONDOS LOCALES (OCLC)
Biblioteca depositaria GRAL
130 0# - ENTRADA PRINCIPAL--TÍTULO UNIFORME
Título uniforme Gueguense.
Lenguaje de la obra Spanish & Nahuatl.
245 10 - MENCIÓN DEL TÍTULO
Título Baile de el güegüence :
Resto del título o macho ratón.
250 ## - MENCION DE EDICION
Mención de edición Ciudado de edición Alicia Casco Guido.
260 ## - PUBLICACIÓN, DISTRIBUCIÓN, ETC.
Lugar de publicación, distribución, etc. Managua, Nicaragua :
Nombre del editor, distribuidor, etc. Editorial Hispamer,
Fecha de publicación, distribución, etc. 1998.
300 ## - DESCRIPCIÓN FÍSICA
Extensión 99 p. ;
Dimensiones 21 cm.
440 #0 - MENCIÓN DE SERIE/PUNTO DE ACCESO ADICIONAL--TÍTULO
Título Breviarios de la cultura nicaraguense
546 ## - NOTA DE IDIOMA
Nota de lengua/lenguaje Text is Spanish and Nahuatl
630 #0 - PUNTO DE ACCESO ADICIONAL DE MATERIA--TÍTULO UNIFORME
Título uniforme Güegüence.
630 #4 - PUNTO DE ACCESO ADICIONAL DE MATERIA--TÍTULO UNIFORME
Título uniforme El Güegüence
Subdivisión general Crítica e interpretación.
650 #4 - PUNTO DE ACCESO ADICIONAL DE MATERIA--TÉRMINO DE MATERIA
Término de materia o nombre geográfico como elemento de entrada Teatro indígena nicaraguense.
700 1# - ENTRADA AGREGADA--NOMBRE PERSONAL
Nombre de persona Casco Guido, Alicia,
Término indicativo de función/relación ed.
942 ## - ELEMENTOS DE ENTRADA SECUNDARIOS (KOHA)
Fuente del sistema de clasificación o colocación Clasificación de Library of Congress
Tipo de ítem Koha
946 ## - PROCESAMIENTO DE INFORMACIÓN LOCAL (OCLC)
a mfcruz
994 ## -
-- C0
-- DRFGD
Holdings
Estatus retirado Estado de pérdida Fuente del sistema de clasificación o colocación Estado de daño No para préstamo Colección Biblioteca de origen Biblioteca actual Ubicación en estantería Fecha de adquisición Serial enumeration / chronology Signatura topográfica completa Código de barras Visto por última vez Copia número Tipo de ítem Koha
    Clasificación de Library of Congress     Humanidades Biblioteca Juan Bosch Biblioteca Juan Bosch Humanidades (4to. Piso) 10/04/2023 1 PM 4070 B154 1998 00000063224 25/10/2018 1